Taxation: the people's business /

Bibliographic Details
Main Author: Mellon, Andrew W. (Andrew William), 1855-1937
Format: Book
Language:English
Published: New York : Macmillan, 1924.
Subjects:

MARC

Tag First Indicator Second Indicator Subfields
LEADER 00000cam a2200000 4500
001 in00000062797
005 20151008050632.0
008 750102s1924 nyu 00000 eng
010 |a  24009342  
020 |a 0405051018 
035 |a (OCoLC)01126878 
035 |9 AAG2285AM 
040 |a DLC  |c AKR  |d TXA  |d UtOrBLW 
043 |a n-us--- 
049 |a TXAM  |c [20565] 
050 0 |a HJ2379  |b .M4 
092 |a 336.2  |b M52t 
100 1 |a Mellon, Andrew W.  |q (Andrew William),  |d 1855-1937. 
245 1 0 |a Taxation: the people's business /  |c by Andrew Mellon. 
264 1 |a New York :  |b Macmillan,  |c 1924. 
300 |a 229 pages ;  |c 23 cm. 
336 |a text  |b txt  |2 rdacontent 
337 |a unmediated  |b n  |2 rdamedia 
338 |a volume  |b nc  |2 rdacarrier 
650 0 |a Taxation  |z United States. 
999 |a MARS 
999 f f |s f31db4ac-652c-391b-91c2-a08484810c30  |i 04cdd1ff-2ff5-3545-b9e1-dab76a934141  |t 0 
952 f f |p ric  |a Texas A&M University  |b Rellis Campus  |c Joint Library Facility  |d Remote Storage  |t 0  |e HJ2379 .M4  |h Library of Congress classification  |i unmediated -- volume  |m A14800748396 
998 f f |a HJ2379 .M4  |t 0  |l Remote Storage